书目信息 |
| 题名: |
3DS MAX 6 实用操作指导
|
|
| 作者: | 李韵琴 , 张振中 编著 | |
| 分册: | ||
| 出版信息: | 上海 上海科学普及出版社 2004.04 |
|
| 页数: | 296页 | |
| 开本: | 26cm | |
| 丛书名: | ||
| 单 册: | ||
| 中图分类: | TP391.41 | |
| 科图分类: | ||
| 主题词: | 计算机应用 | |
| 电子资源: | ||
| ISBN: | 7-5427-2392-8 | |
| 000 | 00637nam0 2200205 45 | |
| 001 | 0461758539 | |
| 005 | 2004051317091751 | |
| 010 | @a7-5427-2392-8@dCNY 22.80 | |
| 100 | @a20040513d2004 km y0chiy0120 ea | |
| 101 | 0 | @achi |
| 102 | @aCN@b310000 | |
| 200 | 1 | @a3DS MAX 6 实用操作指导@A3DS MAX 6 Shi Yong Cao Zuo Zhi Dao@f李韵琴,张振中编著@FLi Yun Qin,Zhang Zhen Zhong Bian Zhu |
| 210 | @a上海@c上海科学普及出版社@d2004.04 | |
| 215 | @a296页@d26cm | |
| 606 | 0 | @a计算机应用 |
| 690 | @aTP391.41@v3 | |
| 701 | 0 | @a李韵琴@ALi Yun Qin@4编著 |
| 701 | 0 | @a张振中@AZhang Zhen Zhong@4编著 |
| 801 | 0 | @aCN@bPFT@c20040513 |
| 905 | @dTP391.41@eL325 | |
| 3DS MAX 6 实用操作指导/李韵琴,张振中编著.-上海:上海科学普及出版社,2004.04 |
| 296页;26cm |
| ISBN 7-5427-2392-8:CNY 22.80 |
| ● |
| 相关链接 |
|
|
|
正题名:3DS MAX 6 实用操作指导
索取号:TP391.41/L325
 
预约/预借
| 序号 | 登录号 | 条形码 | 馆藏地/架位号 | 状态 | 备注 |
| 1 | 375375 | 203753759 | 自科二线404/404自科库 15排3列4层/ [索取号:TP391.41/L325] | 在馆 | |
| 2 | 375376 | 203753768 | 自科库301/301自科库 66排6列2层/ [索取号:TP391.41/L325] | 在馆 | |
| 3 | 375377 | 203753777 | 自科库301/301自科库 66排6列2层/ [索取号:TP391.41/L325] | 在馆 |